书目信息 |
| 题名: |
法国
|
|
| 作者: | 拉克, , 拉克 著 ;王毅 译 | |
| 分册: | ||
| 出版信息: | 北京 中华书局 2005 |
|
| 页数: | 288页 | |
| 开本: | 22cm | |
| 丛书名: | 探险家旅游系列丛书 | |
| 单 册: | ||
| 中图分类: | K956.59 | |
| 科图分类: | ||
| 主题词: | 旅游指南--lv you zhi nan--法国 | |
| 电子资源: | ||
| ISBN: | 7-101-04464-6 | |
| 000 | 00856nam 2200289 450 | |
| 001 | CAL 012006001624 | |
| 005 | 20061122114011.10 | |
| 010 | @a7-101-04464-6@dCNY 56.00 | |
| 099 | @aCAL 012006001624 | |
| 100 | @a20060109d2005 em y0chiy0121 ea | |
| 101 | 1 | @achi@ceng |
| 102 | @aCN@b110000 | |
| 200 | 1 | @a法国@Afa guo@f(英)拉克著@F(ying)la ke zhu@g王毅译 |
| 210 | @a北京@c中华书局@d2005 | |
| 215 | @a288页@c彩图, 地图@d22cm | |
| 225 | 2 | @a探险家旅游系列丛书@Atan xian jia lv you xi lie cong shu |
| 312 | @a英文并列题名取自版权页 | |
| 320 | @a有索引 | |
| 410 | 0 | @12001 @a探险家旅游系列丛书 |
| 510 | 1 | @aFrance@zeng |
| 606 | 0 | @a旅游指南@Alv you zhi nan@y法国 |
| 690 | @aK956.59@v4 | |
| 701 | 1 | @a拉克,@Ala ke@b亚当@4著 |
| 701 | 0 | @a拉克@Ala ke@4著 |
| 702 | 0 | @a王毅@Awang yi@4译 |
| 801 | @aCN@c20061122 | |
| 905 | @a10447@dK956.59@eL004 | |
| 法国/(英)拉克著/王毅译.-北京:中华书局,2005 |
| 288页:彩图, 地图;22cm.-(探险家旅游系列丛书) |
| ISBN 7-101-04464-6:CNY 56.00 |
| ● |
| 相关链接 |
|
|
|
正题名:法国
索取号:K956.59/L004
 
预约/预借
| 序号 | 登录号 | 条形码 | 馆藏地/架位号 | 状态 | 备注 |
| 1 | 615708 | 206157086 | 社科库309/309社科库 29排1列2层/ [索取号:K956.59/L004] | 在馆 | |
| 2 | 615709 | 206157095 | 社科库309/309社科库 29排1列2层/ [索取号:K956.59/L004] | 在馆 |